| 000 | 00933cam a2200301 4500 | ||
|---|---|---|---|
| 001 | ABS62356 | ||
| 008 | 000000n2000 000 0 eng u | ||
| 035 | _a(Sirsi) u106312 | ||
| 100 | _aCavanagh, E. | ||
| 245 | _aGet to work in seconds, not hours | ||
| 260 | _c2000 | ||
| 490 |
_aEstates Gazette _v (0020) 20 May 2000, 146-147(2) |
||
| 520 | _aThe internet and the laptop are allowing many property companies to let more staff work at home. Looks at the latest moves towards flexible working practices in a number of firms. | ||
| 590 | _aABS | ||
| 650 | _aINTERNET | ||
| 650 | _aHOME-WORKING | ||
| 650 | _aWORKING PRACTICES | ||
| 650 | _aHEALEY & BAKER | ||
| 650 | _aDTZ DEBENHAM TIE LEUNG | ||
| 650 | _aGVA GRIMLEY | ||
| 650 | _aKNIGHT FRANK | ||
| 650 | _aCB HILLIER PARKER | ||
| 650 | _aJONES LANG LASALLE | ||
| 650 | _aBLAIR KIRKMAN | ||
| 650 | _aCONRAD RITBLAT | ||
| 690 | _aMANAGEMENT | ||
| 942 | _n0 | ||
| 999 |
_c63672 _d63672 |
||